King Henry VI part 3
| Main Author: | |
|---|---|
| Other Authors: | |
| Format: | Book |
| Published: |
London :
Routledge ,
1992
|
| Series: | The Arden Shakespeare
|
| Subjects: |
MARC
| LEADER | 00000cam a2200000 7i4500 | ||
|---|---|---|---|
| 001 | 0000001683 | ||
| 002 | 000001834 | ||
| 005 | 20000330.0 | ||
| 020 | |a 041502711X | ||
| 090 | 0 | 0 | |a 822.33 |b SHA |
| 100 | 1 | |a Shakespeare, William | |
| 245 | 1 | 0 | |a King Henry VI part 3 |c William Shakespeare ; edited by Andrew S. Cairncross |
| 260 | |a London : |b Routledge , |c 1992 | ||
| 300 | |a 187 p. ; |c 20 cm. | ||
| 490 | 0 | |a The Arden Shakespeare | |
| 650 | 0 | 0 | |a King Henry VI |x Drama |
| 700 | 1 | |a Cairncross, Andrew S | |
| 999 | |a 034077 |b BUKU |c PINJAMAN |e PERPUSTAKAAN KOMUNITI PETALING JAYA | ||